Ẩn dụ ý niệm trong tiêu đề và Sa - Pô báo chí tiếng Việt (Trên cứ liệu báo Nhân dân điện tử) /

Gespeichert in:
Bibliographische Detailangaben
1. Verfasser: Nguyễn Thị Bích Hạnh.
Weitere Verfasser: Đoàn Hồng Nhung
Format: Artikel
Sprache:Vietnamese
Schlagworte:
Tags: Tag hinzufügen
Keine Tags, Fügen Sie den ersten Tag hinzu!
Thư viện lưu trữ: Thư viện Trường Đại học Đà Lạt
LEADER 00896nam a2200277 4500
001 DLU210195580
005 ##20210111
040 # # |a DLU  |b vie 
041 # # |a vie 
044 # # |a vn 
100 # # |a Nguyễn Thị Bích Hạnh. 
245 # # |a Ẩn dụ ý niệm trong tiêu đề và Sa - Pô báo chí tiếng Việt (Trên cứ liệu báo Nhân dân điện tử) /  |c Nguyễn Thị Bích Hạnh, Đoàn Hồng Nhung. 
653 # # |a Ý niệm 
653 # # |a Ẩn dụ 
653 # # |a Tiêu đề 
700 # # |a Đoàn Hồng Nhung 
773 # # |t Tạp chí Ngôn ngữ và đời sống  |g Số 7, 2018, tr. 9-15 
920 # # |a Phòng Tạp chí -- Trung tâm Thông tin - Thư viện Trường Đại học Đà Lạt 
994 # # |a DLU 
900 # # |a True 
911 # # |a Trần Thị Minh Hương 
925 # # |a G 
926 # # |a A 
927 # # |a BB 
980 # # |a Thư viện Trường Đại học Đà Lạt